000 00314nam a2200133Ia 4500
008 100328s9999 xx 000 0 und d
082 _b75008
100 _aBlyton Gnid.
245 _aThe Enchanted Wood.
260 _bEgmont.
630 _aThe Enchanted Wood.
730 _aThe Enchanted Wood.
942 _cBOOK
999 _c560729
_d560726